Nevyhnutnosť prehodnotenia existencie súčasného systému DPH s cieľom minimalizácie daňových únikov

Súčasný systém DPH v Európskej únii. Alternatívne systémy k súčasnému systému DPH. Administratívna spolupráca a vzájomná pomoc v oblasti DPH. Formy daňových únikov v oblasti DPH. Príčiny vzniku daňových únikov v oblasti DPH. Kľúčové prvky v boji proti daňovým únikom. Medzinárodné aspekty daňových ún...

Ausführliche Beschreibung

Gespeichert in:
Bibliographische Detailangaben
1. Verfasser: Rabatinová, Marcela, 1977-
Format: Buchkapitel
Sprache:Slowakisch
Schlagworte:
Tags: Tag hinzufügen
Keine Tags, Fügen Sie das erste Tag hinzu!

MARC

LEADER 00000nla$a2200000$$$4500
001 0125998
005 20240604073917.1
041 0 |a slo 
044 |a SK 
245 1 0 |a Nevyhnutnosť prehodnotenia existencie súčasného systému DPH s cieľom minimalizácie daňových únikov  |c Marcela Rabatinová 
520 |a Súčasný systém DPH v Európskej únii. Alternatívne systémy k súčasnému systému DPH. Administratívna spolupráca a vzájomná pomoc v oblasti DPH. Formy daňových únikov v oblasti DPH. Príčiny vzniku daňových únikov v oblasti DPH. Kľúčové prvky v boji proti daňovým únikom. Medzinárodné aspekty daňových únikov v oblasti DPH. Navrhované opatrenia v boji proti daňovým únikom v oblasti DPH. 
610 2 0 |a dane z hodnoty pridanej 
610 2 0 |a zdaňovanie 
610 2 0 |a únik daňový 
610 2 0 |a podvody 
610 2 0 |a systémy daňové 
610 2 0 |a spolupráca medzinárodná 
610 2 0 |a Európska únia 
100 1 |a Rabatinová, Marcela, 1977-